| 000 | 00555nam a22001577a 4500 | ||
|---|---|---|---|
| 005 | 20120116121426.0 | ||
| 020 |
_a9788190942027 _c250.00 |
||
| 037 |
_aDPL _bPUB |
||
| 100 |
_aWalia, B.S. _939267 |
||
| 245 |
_aNew Mantra Junior English Grammar and translation (Hindi-English)/ _cby B.S.Walia |
||
| 260 |
_aPanchkula _bNihal Publications _c2011 |
||
| 270 |
_aBharat Nagar, Kalka Bhind Railway Workshop Dist.Panchkula _bPanchkula (Haryana) _e133302 _k99104458719, 8826824203 |
||
| 300 |
_a304p. _c24cm.(pbk) |
||
| 942 |
_2ddc _cEN _mWAL |
||
| 999 |
_c60959 _d60959 |
||